Ελληνικές Παροιμίες #2 - Statistics

General Stats
  • This quiz has been taken 661 times
  • The average score is 16 of 20
Answer Stats
Παροιμία Απάντηση % Correct
Στου _____ την πόρτα, όσο θέλεις βρόντα. Κουφού
97%
Κάλλιο αργά παρά _____. Ποτέ
97%
Νηστικό ______ δεν χορεύει. Αρκούδι
96%
Φασούλι το φασούλι γεμίζει το ________. Σακούλι
96%
Όπου λαλούν πολλά _______ αργεί να ξημερώσει. Κοκόρια
91%
Το _____ δεν κάνει τον παπά. Ράσο
91%
Μεγάλη μπουκιά φάε, μεγάλη _______ μη λες. Κουβέντα
90%
Η ______ κόκαλα δεν έχει και κόκαλα τσακίζει. Γλώσσα
90%
Όποιος αγαπά τα τριαντάφυλλα ανέχεται και τα _______ τους. Αγκάθια
90%
Ο βρεγμένος τη _____ δεν τη φοβάται. Βροχή
89%
Ο _____ περνά απ' το στομάχι. Έρωτας
86%
Καλύτερα να σου βγει το ____, παρά το όνομα. Μάτι
85%
_______ είναι και γυρίζει. Ρόδα
85%
Κάθε κατεργάρης στον ______ του. Πάγκο
84%
Το ______ βρωμάει από το κεφάλι. Ψάρι
80%
Το ένα χέρι νίβει τ' άλλο και τα δυο το ______. Πρόσωπο
80%
Εχθρός του καλού το _______. Καλύτερο
67%
Το _______ φυγείν αδύνατον. Πεπρωμένο
59%
Χωριό που φαίνεται _______ δεν θέλει. Κολαούζο
51%
Πριν πάρεις σπίτι, κοίτα τι ______ θα κάνεις. Γείτονα
10%
No matching quizzes found
Score Distribution
Percent of People with Each Score
Percentile by Number Answered
Your Score History
You have not taken this quiz